[Event "Florianopolis op 5th"]
[Site "Florianopolis"]
[Date "2019.01.27"]
[Round "10"]
[White "Peroza, Eduardo Antunes"]
[Black "Nicolini, Paulo Giovanni De A"]
[Result "0-1"]
[WhiteElo "1745"]
[BlackElo "1951"]
[PlyCount "76"]
[EventDate "2019.01.21"]
[EventType "swiss"]
[EventRounds "10"]
[EventCountry "BRA"]
[SourceTitle "EXT 2020"]
[Source "ChessBase"]
[SourceDate "2019.10.17"]
[SourceVersion "1"]
[SourceVersionDate "2019.10.17"]
[SourceQuality "1"]

1. e4 d6 2. d4 Nf6 3. Nc3 g6 4. f4 Bg7 5. Nf3 0-0 6. Bd3 Na6 7. a3 c5 8. Bxa6 cxd4 9. Bd3 dxc3 10. bxc3 Qc7 11. Bd2 Nd7 12. Nd4 e5 13. Ne2 exf4 14. 0-0 g5 15. Kh1 Ne5 16. Nd4 Bg4 17. Qb1 a6 18. a4 Qd7 19. Qb6 h5 20. h4 f3 21. gxf3 Bxf3+ 22. Rxf3 Nxf3 23. Nxf3 Qh3+ 24. Nh2 g4 25. Rg1 g3 26. Rg2 gxh2 27. Bh6 Qxg2+ 28. Kxg2 Bxh6 29. Qxd6 Bg7 30. Kxh2 Rae8 31. Qd5 Be5+ 32. Kg2 Re7 33. Kf3 Kh7 34. Qc5 Rfe8 35. Qb6 f6 36. c4 Rg8 37. c5 Reg7 38. c6 Rg2 0-1

[Event "Florianopolis op 5th"]
[Site "Florianopolis"]
[Date "2019.01.26"]
[Round "8"]
[White "Gomes, Marco Tulio Caldeir"]
[Black "Nicolini, Paulo Giovanni De A"]
[Result "0-1"]
[WhiteElo "1678"]
[BlackElo "1951"]
[PlyCount "150"]
[EventDate "2019.01.21"]
[EventType "swiss"]
[EventRounds "10"]
[EventCountry "BRA"]
[SourceTitle "CBM 188 Extra"]
[Source "ChessBase"]
[SourceDate "2019.02.26"]
[SourceVersion "1"]
[SourceVersionDate "2019.02.26"]
[SourceQuality "1"]

1. c4 Nf6 2. Nc3 g6 3. e4 d6 4. g3 Bg7 5. Bg2 0-0 6. Nge2 c5 7. 0-0 Nc6 8. d3 a6 9. h3 Rb8 10. a4 Bd7 11. Rb1 Ne8 12. Be3 Nc7 13. d4 cxd4 14. Nxd4 Ne6 15. Nde2 Nb4 16. b3 Nc5 17. Qd2 Qc8 18. Kh2 b5 19. axb5 axb5 20. Nd5 Nxd5 21. cxd5 b4 22. Bh6 Bxh6 23. Qxh6 Bb5 24. Qd2 Bxe2 25. Qxe2 Ra8 26. Qd2 Qb8 27. Rfc1 Qb6 28. Rc4 Rfb8 29. f4 Ra3 30. Qc2 Qa7 31. e5 Ra2 32. Rb2 Rxb2 33. Qxb2 Qa3 34. Qc2 Nxb3 35. Rc8+ Rxc8 36. Qxc8+ Kg7 37. Qd7 dxe5 38. fxe5 Qb2 39. Qxe7 Qf2 40. Qxb4 Nd2 41. Qc3 Nf1+ 42. Kh1 Nxg3+ 43. Kh2 Ne2 44. Qa1 Nf4 45. Qf1 Qxf1 46. Bxf1 Nxd5 47. Kg3 g5 48. Bd3 Nf4 49. Bc2 Ne6 50. Kg4 h6 51. Bb3 Nc5 52. Ba2 Nd7 53. Kf5 Nf8 54. Bb3 Ng6 55. Ba2 Nf4 56. Bb3 Ng6 57. Ba2 Nf4 58. Kg4 Nd3 59. Kf5 Nf2 60. h4 gxh4 61. Kf4 Nd3+ 62. Kf5 h3 63. Bd5 h2 64. Bh1 Nf2 65. Bg2 h1Q 66. Bxh1 Nxh1 67. e6 fxe6+ 68. Kxe6 Kg6 69. Ke5 Kg5 70. Ke4 Kg4 71. Ke3 Kg3 72. Ke2 Kg2 73. Ke3 h5 74. Kf4 h4 75. Kg4 h3 0-1

[Event "Florianopolis op 5th"]
[Site "Florianopolis"]
[Date "2019.01.24"]
[Round "6"]
[White "Broday, Geovani Allan"]
[Black "Nicolini, Paulo Giovanni De A"]
[Result "1-0"]
[WhiteElo "2129"]
[BlackElo "1951"]
[PlyCount "97"]
[EventDate "2019.01.21"]
[EventType "swiss"]
[EventRounds "10"]
[EventCountry "BRA"]
[SourceTitle "CBM 188 Extra"]
[Source "ChessBase"]
[SourceDate "2019.02.26"]
[SourceVersion "1"]
[SourceVersionDate "2019.02.26"]
[SourceQuality "1"]

1. e4 e6 2. d4 d5 3. Nd2 Nf6 4. e5 Nfd7 5. Ngf3 c5 6. c3 Nc6 7. Bd3 g6 8. h4 cxd4 9. cxd4 Nb4 10. Bb1 Qa5 11. h5 Rg8 12. hxg6 hxg6 13. Kf1 Qa6+ 14. Kg1 Nd3 15. Nb3 Nxc1 16. Qxc1 b6 17. Qf4 Bb7 18. Ng5 0-0-0 19. Qxf7 Rg7 20. Qxe6 Be7 21. Qg4 Bxg5 22. Qxg5 Qe2 23. Qd2 Qg4 24. Bd3 Nf8 25. Qe2 Qg5 26. Qd2 Qe7 27. Rc1+ Kb8 28. Rh8 Ne6 29. Rxd8+ Qxd8 30. Qe3 Qh8 31. Qg3 Rh7 32. f3 Rg7 33. f4 Qf8 34. Rf1 Bc8 35. Bxg6 Ba6 36. Rf2 Qb4 37. Qc3 Qf8 38. f5 Ng5 39. Nd2 Rc7 40. Qe3 Qh6 41. Nf1 Qh4 42. Qf4 Qh6 43. e6 Kc8 44. Qh2 Qg7 45. Qe5 Qg8 46. e7 Bb5 47. e8Q+ Bxe8 48. Qxe8+ Qxe8 49. Bxe8 1-0

[Event "Florianopolis op 5th"]
[Site "Florianopolis"]
[Date "2019.01.21"]
[Round "1"]
[White "Nicolini, Paulo Giovanni De A"]
[Black "Carvalho, Isis"]
[Result "1-0"]
[WhiteElo "1951"]
[BlackElo "1396"]
[PlyCount "53"]
[EventDate "2019.01.21"]
[EventType "swiss"]
[EventRounds "10"]
[EventCountry "BRA"]
[SourceTitle "CBM 188 Extra"]
[Source "ChessBase"]
[SourceDate "2019.02.26"]
[SourceVersion "1"]
[SourceVersionDate "2019.02.26"]
[SourceQuality "1"]

1. e4 d6 2. d4 Nf6 3. Nc3 g6 4. Bg5 Bg7 5. e5 dxe5 6. dxe5 Qxd1+ 7. Rxd1 Ng4 8. h3 Nxe5 9. Nd5 0-0 10. Nxc7 Nbc6 11. Nxa8 Bf5 12. Nc7 Bxc2 13. Rd2 Bf5 14. f4 Nd7 15. Bb5 Nd4 16. Bxd7 Bxd7 17. Ne2 Nxe2 18. Kxe2 Bc6 19. Bxe7 Rc8 20. Rhd1 h6 21. Rd8+ Rxd8 22. Rxd8+ Kh7 23. Nd5 Bxd5 24. Rxd5 Bxb2 25. Rb5 Bc1 26. g3 b6 27. Rb1 1-0

[Event "Sao Paulo STD U2200 op 3rd"]
[Site "Sao Paulo"]
[Date "2018.10.12"]
[Round "1"]
[White "Nicolini, Paulo Giovanni De A"]
[Black "Haraguchi, Matheus Sashaki"]
[Result "1-0"]
[WhiteElo "1969"]
[BlackElo "1579"]
[PlyCount "93"]
[EventDate "2018.10.12"]
[EventType "swiss"]
[EventRounds "6"]
[EventCountry "BRA"]
[SourceTitle "EXT 2021"]
[Source "ChessBase"]
[SourceDate "2020.10.23"]
[SourceVersion "1"]
[SourceVersionDate "2020.10.23"]
[SourceQuality "1"]

1. e4 e6 2. d4 d5 3. Nd2 Nf6 4. e5 Nfd7 5. Bd3 c5 6. c3 Nc6 7. Ne2 Be7 8. 0-0 0-0 9. Nf3 b6 10. Re1 Bb7 11. Bb1 g6 12. Bh6 Re8 13. Nf4 Nf8 14. Nh3 cxd4 15. cxd4 Rc8 16. a3 f6 17. exf6 Bxf6 18. Ne5 Nxe5 19. dxe5 Bg7 20. Bg5 Qc7 21. f4 Qc5+ 22. Kh1 Rc7 23. Bd3 Rec8 24. Bh4 Qc6 25. Bf2 Rf7 26. Qd2 Rfc7 27. Ng5 Bh6 28. Nf3 Qd7 29. Nd4 a6 30. Be3 b5 31. Nb3 Qf7 32. Rf1 Qe7 33. Qe2 Bg7 34. Bb6 Rc6 35. Ba5 Bh6 36. Nd4 Rc4 37. Bxc4 Rxc4 38. Rad1 Qh4 39. Be1 Qe7 40. Qg4 Qd7 41. b3 Rc8 42. Bb4 Kf7 43. f5 Ke8 44. fxe6 Qc7 45. Qf3 Qxe5 46. Qxf8+ Bxf8 47. Rxf8# 1-0

[Event "Jacarei op 1st"]
[Site "Jacarei"]
[Date "2018.09.16"]
[Round "5"]
[White "Nicolini, Paulo Giovanni De A"]
[Black "Guedes, Leonardo Alves"]
[Result "1-0"]
[WhiteElo "1954"]
[BlackElo "1441"]
[PlyCount "41"]
[EventDate "2018.09.15"]
[EventType "swiss"]
[EventRounds "5"]
[EventCountry "BRA"]
[SourceTitle "CBM 186 Extra"]
[Source "ChessBase"]
[SourceDate "2018.08.24"]
[SourceVersion "1"]
[SourceVersionDate "2018.08.24"]
[SourceQuality "1"]

1. e4 e5 2. Nf3 Nc6 3. Bb5 a6 4. Ba4 Nf6 5. 0-0 Bc5 6. c3 d6 7. d4 exd4 8. cxd4 Ba7 9. d5 b5 10. dxc6 bxa4 11. Bg5 h6 12. Bh4 Bg4 13. Nc3 g5 14. Bg3 h5 15. h4 Bxf3 16. Qxf3 g4 17. Qf5 Qe7 18. e5 dxe5 19. Bxe5 Rh6 20. Bf4 Rg6 21. Rae1 1-0

[Event "BRA-ch Amateur U2000"]
[Site "Sao Paulo"]
[Date "2018.06.02"]
[Round "6"]
[White "Farias, Jose Nogueira de"]
[Black "Nicolini, Paulo Giovanni De A"]
[Result "0-1"]
[WhiteElo "1861"]
[BlackElo "1973"]
[PlyCount "59"]
[EventDate "2018.05.31"]
[EventType "swiss"]
[EventRounds "7"]
[EventCountry "BRA"]
[SourceTitle "EXT 2021"]
[Source "ChessBase"]
[SourceDate "2020.10.23"]
[SourceVersion "1"]
[SourceVersionDate "2020.10.23"]
[SourceQuality "1"]

1. e4 d6 2. d4 Nf6 3. Nc3 g6 4. Nf3 Bg7 5. h3 c6 6. Be3 b5 7. a3 Nbd7 8. Be2 Qc7 9. 0-0 0-0 10. Qd2 Re8 11. d5 a6 12. dxc6 Qxc6 13. Nd4 Qc7 14. f4 Bb7 15. Bf3 Nb6 16. Qf2 Nc4 17. Bc1 Nd7 18. Kh1 Qc5 19. Nde2 Qxf2 20. Rxf2 Rac8 21. b3 Nxa3 22. Bxa3 Bxc3 23. Nxc3 Rxc3 24. Bb2 Rc7 25. Rd1 Rec8 26. Rdd2 Nc5 27. Rfe2 a5 28. Bg4 Ra8 29. Bf3 a4 30. b4 0-1

[Event "Sao Paulo op-B U2050 7th"]
[Site "Sao Paulo"]
[Date "2018.03.31"]
[Round "4"]
[White "Nicolini, Paulo Giovanni De A"]
[Black "Cardozo, Matheus Santos"]
[Result "1/2-1/2"]
[WhiteElo "1994"]
[BlackElo "1875"]
[PlyCount "58"]
[EventDate "2018.03.30"]
[EventType "swiss"]
[EventRounds "6"]
[EventCountry "BRA"]
[SourceTitle "EXT 2021"]
[Source "ChessBase"]
[SourceDate "2020.10.23"]
[SourceVersion "1"]
[SourceVersionDate "2020.10.23"]
[SourceQuality "1"]

1. e4 c5 2. Nf3 d6 3. d4 cxd4 4. Nxd4 Nf6 5. Nc3 g6 6. Be3 Bg7 7. f3 0-0 8. Qd2 Nc6 9. Bc4 Bd7 10. 0-0-0 Ne5 11. Bb3 Qa5 12. Bh6 Rfc8 13. Bxg7 Kxg7 14. Kb1 Nc4 15. Bxc4 Rxc4 16. Nd5 Qxd2 17. Rxd2 Nxd5 18. exd5 Rac8 19. Re1 Kf8 20. Re3 R4c5 21. Ne2 Bf5 22. Nc3 g5 23. Ne4 Bxe4 24. Rxe4 Rc4 25. Rde2 Rxe4 26. Rxe4 Rc5 27. Rd4 Kg7 28. c3 Kf6 29. Kc2 Ke5 1/2-1/2

[Event "Aldeia de Barueri op"]
[Site "Aldeia de Barueri"]
[Date "2017.08.04"]
[Round "1"]
[White "Nicolini, Paulo Giovanni De A"]
[Black "Frattini, Beatriz Maria"]
[Result "1-0"]
[WhiteElo "1942"]
[BlackElo "1235"]
[PlyCount "67"]
[EventDate "2017.08.04"]
[EventType "swiss"]
[EventRounds "6"]
[EventCountry "BRA"]
[SourceTitle "CBM 180 Extra"]
[Source "ChessBase"]
[SourceDate "2017.10.06"]
[SourceVersion "1"]
[SourceVersionDate "2017.10.06"]
[SourceQuality "1"]

1. e4 e5 2. Nf3 Nc6 3. Bb5 a6 4. Ba4 Nf6 5. 0-0 b5 6. Bb3 Bc5 7. c3 d6 8. d4 exd4 9. cxd4 Bb6 10. Bg5 h6 11. Bh4 0-0 12. Nc3 Bg4 13. Bd5 Bxf3 14. gxf3 Qd7 15. Bxf6 gxf6 16. Bxc6 Qxc6 17. Nd5 f5 18. Ne7+ Kh7 19. Nxc6 fxe4 20. Qc2 Rg8+ 21. Kh1 Kh8 22. Qxe4 Rae8 23. Qf4 Kh7 24. Qxf7+ Kh8 25. Rg1 Ref8 26. Rxg8+ Rxg8 27. Ne7 Rg7 28. Qf6 Kh7 29. Nf5 Bxd4 30. Qxd4 Rf7 31. Rg1 h5 32. Rg7+ Kh8 33. Rxf7+ Kg8 34. Qg7# 1-0

[Event "Sao Paulo op-B U2050 6th"]
[Site "Sao Paulo"]
[Date "2017.04.16"]
[Round "5"]
[White "Nicolini, Paulo Giovanni De A"]
[Black "Cardozo, Matheus Santos"]
[Result "1/2-1/2"]
[WhiteElo "1957"]
[BlackElo "1843"]
[PlyCount "87"]
[EventDate "2017.04.14"]
[EventType "swiss"]
[EventRounds "6"]
[EventCountry "BRA"]
[SourceTitle "EXT 2019"]
[Source "ChessBase"]
[SourceDate "2018.10.10"]
[SourceVersion "1"]
[SourceVersionDate "2018.10.10"]
[SourceQuality "1"]

1. e4 c5 2. Nf3 d6 3. d4 cxd4 4. Nxd4 Nf6 5. Nc3 g6 6. Be3 Bg7 7. f3 0-0 8. Qd2 Nc6 9. 0-0-0 Nxd4 10. Bxd4 Be6 11. h4 Qa5 12. Kb1 Rfc8 13. a3 a6 14. h5 b5 15. hxg6 hxg6 16. Bxf6 Bxf6 17. Nd5 Qxd2 18. Nxf6+ exf6 19. Rxd2 Rc6 20. Be2 Rac8 21. Rhd1 Kf8 22. g3 f5 23. Bd3 Ke7 24. exf5 gxf5 25. Re1 Kf6 26. Rh2 Rg8 27. Rh6+ Rg6 28. Reh1 Ke7 29. Rxg6 fxg6 30. Rh7+ Kf6 31. f4 Bc4 32. Bxc4 Rxc4 33. Ra7 Rc6 34. Kc1 g5 35. fxg5+ Kxg5 36. Rg7+ Kf6 37. Rg8 Rc4 38. Kd2 Ke5 39. Re8+ Kd5 40. c3 Rg4 41. Re3 Rg7 42. Rd3+ Ke5 43. Re3+ Kd5 44. Rd3+ 1/2-1/2

[Event "Sao Paulo Hebraica op 24th"]
[Site "Sao Paulo"]
[Date "2017.01.15"]
[Round "5"]
[White "Acosta, Pablo Alejandro"]
[Black "Nicolini, Paulo Giovanni De A"]
[Result "1-0"]
[WhiteElo "2058"]
[BlackElo "1967"]
[PlyCount "83"]
[EventDate "2017.01.13"]
[EventType "swiss"]
[EventRounds "6"]
[EventCountry "BRA"]
[SourceTitle "CBM 176 Extra"]
[Source "ChessBase"]
[SourceDate "2017.03.02"]
[SourceVersion "1"]
[SourceVersionDate "2017.03.02"]
[SourceQuality "1"]

1. e4 e6 2. d3 d5 3. Nd2 Nf6 4. Ngf3 Nc6 5. c3 e5 6. Be2 d4 7. Nb3 a5 8. cxd4 Bb4+ 9. Bd2 exd4 10. 0-0 0-0 11. Bg5 h6 12. Bh4 g5 13. Bg3 Nh5 14. Rc1 Nxg3 15. hxg3 Be6 16. a3 Be7 17. Re1 Ra6 18. Nc5 Bxc5 19. Rxc5 Rb6 20. Qc1 Qe7 21. Nxg5 Qf6 22. Nf3 Kh7 23. Nh4 Rg8 24. Bf3 Ne5 25. Be2 Rc6 26. Rxc6 Nxc6 27. Qf4 Qxf4 28. gxf4 Ne7 29. Rc1 Rc8 30. Nf3 c5 31. f5 Bd7 32. Ne5 Be8 33. Nc4 Ra8 34. Bf3 Ra6 35. Ne5 f6 36. Rxc5 fxe5 37. Rxe5 Nc6 38. Rxe8 Rb6 39. e5 Rxb2 40. f6 Kg6 41. Rg8+ Kf5 42. f7 1-0

[Event "Sao Paulo Hebraica op 24th"]
[Site "Sao Paulo"]
[Date "2017.01.13"]
[Round "1"]
[White "Fantinati, Nilton M Nascimento"]
[Black "Nicolini, Paulo Giovanni De A"]
[Result "0-1"]
[WhiteElo "1534"]
[BlackElo "1967"]
[PlyCount "58"]
[EventDate "2017.01.13"]
[EventType "swiss"]
[EventRounds "6"]
[EventCountry "BRA"]
[SourceTitle "CBM 176 Extra"]
[Source "ChessBase"]
[SourceDate "2017.03.02"]
[SourceVersion "1"]
[SourceVersionDate "2017.03.02"]
[SourceQuality "1"]

1. b3 Nf6 2. Bb2 g6 3. e3 Bg7 4. Nf3 0-0 5. d3 d5 6. h3 c5 7. Nbd2 Nc6 8. Be2 Qc7 9. 0-0 e5 10. Rc1 h6 11. c3 e4 12. Ne1 Re8 13. Nc2 Ne5 14. d4 Nd3 15. Bxd3 exd3 16. Ne1 c4 17. bxc4 dxc4 18. Qa4 Be6 19. Ba3 a6 20. Qd1 Bd5 21. Rb1 b5 22. Bc5 Ne4 23. Nxe4 Bxe4 24. Nf3 Bb7 25. Ne1 h5 26. Rb2 Re6 27. Nxd3 cxd3 28. Qxd3 Rd8 29. Re1 Qxc5 0-1

[Event "Sao Paulo Hebraica op 24th"]
[Site "Sao Paulo"]
[Date "2017.01.13"]
[Round "2"]
[White "Nicolini, Paulo Giovanni De A"]
[Black "Borger, Daniel"]
[Result "1-0"]
[WhiteElo "1967"]
[BlackElo "1708"]
[PlyCount "31"]
[EventDate "2017.01.13"]
[EventType "swiss"]
[EventRounds "6"]
[EventCountry "BRA"]
[SourceTitle "CBM 176 Extra"]
[Source "ChessBase"]
[SourceDate "2017.03.02"]
[SourceVersion "1"]
[SourceVersionDate "2017.03.02"]
[SourceQuality "1"]

1. e4 c6 2. d4 d5 3. exd5 cxd5 4. c4 Nf6 5. Nc3 dxc4 6. Bxc4 Bf5 7. Qb3 e6 8. Qxb7 Nbd7 9. Bf4 Rc8 10. Ba6 Rxc3 11. bxc3 Be4 12. Qxa7 Bxg2 13. Bc7 Qe7 14. Bb5 Qa3 15. Qb8+ Ke7 16. Qd8# 1-0

[Event "BRA-ch Amateur U2000"]
[Site "Sao Paulo"]
[Date "2016.05.27"]
[Round "3"]
[White "Bonvini, Alberto Tonhati"]
[Black "Nicolini, Paulo Giovanni De A"]
[Result "0-1"]
[WhiteElo "1871"]
[BlackElo "1943"]
[PlyCount "122"]
[EventDate "2016.05.26"]
[EventType "swiss"]
[EventRounds "7"]
[EventCountry "BRA"]
[SourceTitle "EXT 2019"]
[Source "ChessBase"]
[SourceDate "2018.10.10"]
[SourceVersion "1"]
[SourceVersionDate "2018.10.10"]
[SourceQuality "1"]

1. e4 e6 2. d4 d5 3. Nd2 Nf6 4. e5 Nfd7 5. Bd3 c5 6. c3 Nc6 7. Ne2 cxd4 8. cxd4 f6 9. exf6 Nxf6 10. Nf3 Bd6 11. 0-0 Qc7 12. Bg5 0-0 13. Qc2 h6 14. Bh4 Nh5 15. Bh7+ Kh8 16. Bg6 Nf4 17. Nxf4 Bxf4 18. Rfe1 Bd7 19. Ne5 Nxe5 20. Qxc7 Nf3+ 21. gxf3 Bxc7 22. Kg2 Bb6 23. Rad1 Rf4 24. Bg3 Rxd4 25. Rxd4 Bxd4 26. Bd6 Rc8 27. f4 Rc6 28. Be5 Bxe5 29. Rxe5 Kg8 30. Bd3 Kf7 31. f5 Kf6 32. f4 Rb6 33. b3 exf5 34. Kf2 Rd6 35. h4 g5 36. hxg5+ hxg5 37. Re2 Re6 38. Rd2 gxf4 39. Bxf5 Rd6 40. Bxd7 Rxd7 41. Kf3 Ke5 42. Re2+ Kd4 43. Re1 Kc3 44. Rc1+ Kd2 45. Rc5 d4 46. Kf2 Re7 47. a4 Re3 48. b4 d3 49. a5 Kd1 50. b5 d2 51. b6 axb6 52. axb6 Rb3 53. Ra5 Rxb6 54. Ra1+ Kc2 55. Ra2+ Rb2 56. Ra4 d1Q 57. Rxf4 Qd3 58. Kg1 Qe3+ 59. Rf2+ Kb3 60. Kh1 Qh3+ 61. Kg1 Rb1+ 0-1

[Event "BRA-ch Amateur U2000"]
[Site "Sao Paulo"]
[Date "2016.05.27"]
[Round "4"]
[White "Serafim Junior, Arnor"]
[Black "Nicolini, Paulo Giovanni De A"]
[Result "0-1"]
[WhiteElo "1868"]
[BlackElo "1943"]
[PlyCount "60"]
[EventDate "2016.05.26"]
[EventType "swiss"]
[EventRounds "7"]
[EventCountry "BRA"]
[SourceTitle "EXT 2019"]
[Source "ChessBase"]
[SourceDate "2018.10.10"]
[SourceVersion "1"]
[SourceVersionDate "2018.10.10"]
[SourceQuality "1"]

1. Nf3 Nf6 2. g3 g6 3. Bg2 Bg7 4. 0-0 0-0 5. d3 d6 6. c4 e5 7. Nc3 Nc6 8. Rb1 a5 9. a3 h6 10. b4 axb4 11. axb4 Ne7 12. Bb2 Be6 13. Qc2 c6 14. Na4 b5 15. cxb5 cxb5 16. Nc3 Rc8 17. Qd2 Qb6 18. Rfc1 Ng4 19. e3 f5 20. Ne2 Rxc1+ 21. Rxc1 Nd5 22. d4 f4 23. e4 fxg3 24. hxg3 Ndf6 25. Qd3 d5 26. Nxe5 dxe4 27. Bxe4 Nxe5 28. dxe5 Nxe4 29. Qxe4 Qxf2+ 30. Kh1 Rf5 0-1

[Event "Pan American Amateur-ch"]
[Site "Curitiba"]
[Date "2015.12.20"]
[Round "8"]
[White "Ritzel, Ricardo Agne"]
[Black "Nicolini, Paulo Giovanni De A"]
[Result "0-1"]
[WhiteElo "1633"]
[BlackElo "1885"]
[PlyCount "56"]
[EventDate "2015.12.16"]
[EventType "swiss"]
[EventRounds "9"]
[EventCountry "BRA"]
[SourceTitle "CBM 170 Extra"]
[Source "ChessBase"]
[SourceDate "2016.02.25"]
[SourceVersion "1"]
[SourceVersionDate "2016.02.25"]
[SourceQuality "1"]

1. e4 e6 2. d4 d5 3. e5 c5 4. c3 Nc6 5. f4 Qb6 6. Nf3 Nh6 7. Bd3 Bd7 8. Bc2 Rc8 9. a3 Be7 10. 0-0 cxd4 11. cxd4 Nxd4 12. Nxd4 Bc5 13. Nd2 Bxd4+ 14. Kh1 Bb5 15. Ba4 0-0 16. Bxb5 Qxb5 17. Nf3 Bxb2 18. a4 Qb6 19. Bxb2 Qxb2 20. Rb1 Qa2 21. Rxb7 Rc2 22. Ne1 Re2 23. Rxa7 Ng4 24. Qc1 Ne3 25. Rg1 h5 26. a5 h4 27. h3 Kh7 28. a6 Rc8 0-1

[Event "Pan American Amateur-ch"]
[Site "Curitiba"]
[Date "2015.12.19"]
[Round "7"]
[White "Nicolini, Paulo Giovanni De A"]
[Black "Santa Isabel, Marivaldo dos Reis"]
[Result "1-0"]
[WhiteElo "1885"]
[BlackElo "1660"]
[PlyCount "45"]
[EventDate "2015.12.16"]
[EventType "swiss"]
[EventRounds "9"]
[EventCountry "BRA"]
[SourceTitle "CBM 170 Extra"]
[Source "ChessBase"]
[SourceDate "2016.02.25"]
[SourceVersion "1"]
[SourceVersionDate "2016.02.25"]
[SourceQuality "1"]

1. e4 c5 2. Nf3 Nc6 3. d4 cxd4 4. Nxd4 d6 5. Nc3 Nf6 6. f3 e6 7. Be3 a6 8. Qd2 Be7 9. 0-0-0 Bd7 10. g4 b5 11. g5 Nh5 12. Kb1 b4 13. Nce2 a5 14. Nxc6 Bxc6 15. Nd4 Bd7 16. Nb5 0-0 17. Nxd6 Ba4 18. Bb5 Bxb5 19. Nxb5 Qb8 20. Qd7 Re8 21. Nc7 Rc8 22. Nxa8 Qxa8 23. Qxe7 1-0

[Event "BRA-ch Amateur"]
[Site "Sao Paulo"]
[Date "2015.04.02"]
[Round "4"]
[White "Nicolini, Paulo Giovanni De A"]
[Black "Schutt, Ricardo de Amorim"]
[Result "1/2-1/2"]
[WhiteElo "1853"]
[BlackElo "2111"]
[PlyCount "79"]
[EventDate "2015.04.30"]
[EventType "swiss"]
[EventRounds "7"]
[EventCountry "BRA"]
[SourceTitle "EXT 2022"]
[Source "ChessBase"]
[SourceDate "2021.10.06"]
[SourceVersion "1"]
[SourceVersionDate "2021.10.06"]
[SourceQuality "1"]

1. e4 c5 2. Nf3 e6 3. d4 cxd4 4. Nxd4 Nf6 5. Nc3 Nc6 6. Ndb5 d6 7. Bf4 e5 8. Bg5 a6 9. Na3 b5 10. Nd5 Be7 11. Bxf6 Bxf6 12. c4 b4 13. Nc2 a5 14. Be2 0-0 15. Bg4 Bb7 16. 0-0 Bg5 17. Qd3 Ne7 18. Nde3 Bxe3 19. Nxe3 Qc7 20. Rfd1 Rfd8 21. Rac1 Qc5 22. h4 g6 23. h5 Kg7 24. Bf3 Nc6 25. Qd2 Bc8 26. Bg4 f6 27. h6+ Kf7 28. Qd5+ Ke7 29. Qxc5 dxc5 30. Rd5 Bxg4 31. Nxg4 Nd4 32. Kf1 Rac8 33. Ne3 Ne6 34. Rcd1 Ng5 35. Rxd8 Rxd8 36. Nd5+ Kf7 37. f3 Ne6 38. g3 Nd4 39. Kf2 Ke6 40. g4 1/2-1/2

[Event "Paulista-chTA"]
[Site "Sao Paulo"]
[Date "2015.03.07"]
[Round "5.2"]
[White "Miquelin, Nicolas Seoane"]
[Black "Nicolini, Paulo Giovanni De A"]
[Result "1-0"]
[WhiteElo "2042"]
[BlackElo "2157"]
[PlyCount "87"]
[EventDate "2015.02.28"]
[EventType "team-tourn"]
[EventRounds "7"]
[EventCountry "BRA"]
[SourceTitle "EXT 2017"]
[Source "ChessBase"]
[SourceDate "2016.10.25"]
[SourceVersion "1"]
[SourceVersionDate "2016.10.25"]
[SourceQuality "1"]
[WhiteTeam "PMFC"]
[BlackTeam "Colegio Albert Sabin"]
[WhiteTeamCountry "BRA"]
[BlackTeamCountry "BRA"]

1. Nf3 Nf6 2. c4 g6 3. g3 Bg7 4. Bg2 0-0 5. 0-0 d6 6. d4 Nbd7 7. Nc3 c6 8. e4 e5 9. d5 Nc5 10. Ne1 a5 11. Be3 Na6 12. Qb3 c5 13. Bg5 h6 14. Bd2 Nh5 15. Na4 Nc7 16. Nb6 Ra6 17. Nxc8 Qxc8 18. Nd3 a4 19. Qc2 b5 20. b4 axb3 21. axb3 Qb7 22. b4 bxc4 23. Qxc4 cxb4 24. Nxb4 Rb6 25. Rfc1 Nb5 26. Nc6 Nd4 27. Ra7 Rxc6 28. Rxb7 Rxc4 29. Rxc4 f5 30. Rcc7 Ra8 31. h3 Ra2 32. Bxh6 Bxh6 33. Rb8+ Bf8 34. Rcc8 Nf6 35. Rxf8+ Kg7 36. exf5 gxf5 37. Rfd8 f4 38. gxf4 exf4 39. Rb7+ Kg6 40. Rxd6 Nf5 41. Be4 Kg5 42. Bxf5 Kxf5 43. Rf7 Ke4 44. Rdxf6 1-0

[Event "Paulista-chTA"]
[Site "Sao Paulo"]
[Date "2015.03.01"]
[Round "3.2"]
[White "Gotz, Klaus Seiji Furucho"]
[Black "Nicolini, Paulo Giovanni De A"]
[Result "0-1"]
[WhiteElo "2152"]
[BlackElo "2157"]
[PlyCount "72"]
[EventDate "2015.02.28"]
[EventType "team-tourn"]
[EventRounds "7"]
[EventCountry "BRA"]
[SourceTitle "EXT 2017"]
[Source "ChessBase"]
[SourceDate "2016.10.25"]
[SourceVersion "1"]
[SourceVersionDate "2016.10.25"]
[SourceQuality "1"]
[WhiteTeam "Sao Jose CDR S"]
[BlackTeam "Colegio Albert Sabin"]
[WhiteTeamCountry "BRA"]
[BlackTeamCountry "BRA"]

1. d4 Nf6 2. c4 g6 3. Nc3 Bg7 4. e4 d6 5. Bd3 0-0 6. Nge2 Na6 7. f3 c6 8. Be3 Nc7 9. Qd2 Re8 10. g4 e5 11. d5 Nd7 12. h4 Nc5 13. h5 Nxd3+ 14. Qxd3 b5 15. hxg6 fxg6 16. cxb5 cxb5 17. b4 a5 18. Bb6 axb4 19. Nxb5 Ba6 20. Bxc7 Bxb5 21. Qxb5 Qxc7 22. Kf2 Reb8 23. Qd3 Ra3 24. Qd2 Qc5+ 25. Kg2 Rxf3 26. Kxf3 Rf8+ 27. Nf4 Rxf4+ 28. Kg3 Rxe4 29. Rac1 Re3+ 30. Kg2 Rc3 31. Rhd1 Qc4 32. Rxc3 bxc3 33. Qc2 Qxg4+ 34. Kh1 Qf3+ 35. Kg1 e4 36. Rf1 Bd4+ 0-1

[Event "Paulista-chTA"]
[Site "Sao Paulo"]
[Date "2015.02.28"]
[Round "2.2"]
[White "Nicolini, Paulo Giovanni De A"]
[Black "Takeda, Lucas Koji"]
[Result "0-1"]
[WhiteElo "2157"]
[BlackElo "2117"]
[PlyCount "58"]
[EventDate "2015.02.28"]
[EventType "team-tourn"]
[EventRounds "7"]
[EventCountry "BRA"]
[SourceTitle "EXT 2017"]
[Source "ChessBase"]
[SourceDate "2016.10.25"]
[SourceVersion "1"]
[SourceVersionDate "2016.10.25"]
[SourceQuality "1"]
[WhiteTeam "Colegio Albert Sabin"]
[BlackTeam "CXS"]
[WhiteTeamCountry "BRA"]
[BlackTeamCountry "BRA"]

1. e4 c5 2. Nf3 e6 3. d4 cxd4 4. Nxd4 Nf6 5. Bd3 a6 6. 0-0 d6 7. c4 Nbd7 8. Nc3 g6 9. Kh1 Bg7 10. f4 0-0 11. f5 Ne5 12. Nf3 Nxd3 13. Qxd3 exf5 14. Bg5 fxe4 15. Nxe4 Bf5 16. Bxf6 Bxf6 17. Nxf6+ Qxf6 18. Qd2 Rac8 19. b3 b5 20. cxb5 Rc2 21. Qd4 Qe7 22. Rfe1 Qb7 23. bxa6 Qxa6 24. a4 Qb7 25. b4 Bh3 26. Rg1 Bxg2+ 27. Rxg2 Qxf3 28. Qg4 Qd5 29. Kg1 Rxg2+ 0-1